Champions de League of Legends A-Z - Statistiques

Statistiques générales
  • Ce quiz a été pris 294 fois
  • Le résultat moyen est 23 sur 26
Statistiques - réponses
Lettres Champions % Correct
A Aatrox | Ahri | Akali | Akshan | Alistar | Amumu | Anivia | Annie | Aphelios | Ashe | Aurelion sol | Azir
96%
G Galio | Gangplank | Garen | Gnar | Gragas | Graves | Gwen
95%
J Janna | Jarvan IV | Jax | Jayce | Jhin | Jinx
95%
K K'santé | Kai'sa | Kalista | Karma | Karthus | Kassadin | Katarina | Kayle | Kayn | Kennen | Kha'zix | Kindred | Kennen | Kog'maw
95%
L Leblanc | Lee sin | Leona | Lillia | Lissandra | Lucian | Lulu | Lux
95%
S Samira | Sejuani | Senna | Séraphine | Sett | Shaco | Shen | Shyvana | Singed | Sion | Sivir | Skarner | Sona | Soraka | Swain | Sylas | Syndra
95%
V Varus | Vayne | Veigar | Vel'koz | Vex | Vi | Viego | Viktor | Vladimir | Volibear
95%
B Bard | Bel'veth | Blitzcrank | Brand | Braum
94%
Z Zac | Zed | Zeri | Ziggs | Zilean | Zoé | Zyra
94%
D Darius | Diana | Dr. Mundo | Draven
93%
T Tahm Kench | Taliyah | Talon | Taric | Temmo | Thresh | Tristana | Trundle | Tryndamere | Twisted Fate | Twitch
93%
C Caitlyn | Camille | Cassiopeia | Cho'gath | Corki
92%
N Nami | Nasus | Nautilus | Neeko | Nidalee | Nilah | Nocturne | Nunu et Willump
92%
R Rakan | Rammus | Rek'sai | Rell | Renata glasc | Renekton | Rengar | Riven | Rumble | Ryze
92%
M Maître Yi | Malphite | Malzahar | Maokai | Miss fortune | Mordekaiser | Morgana
91%
X Xayah | Xerath | Xin Zhao
91%
E Ekko | Elise | Evelynn | Ezreal
90%
Y Yasuo | Yone | Yorick | Yuumi
90%
W Warwick | Wukong
88%
I Illaoi | Irelia | Ivern
86%
Q Qiyana | Quinn
85%
O Olaf | Orianna | Ornn
84%
F Fiddlesticks | Fiora | Fizz
83%
U Udyr | Urgot
82%
H Hecarim | Heimerdinger
81%
P Pantheon | Poppy | Pyke
80%
Aucun quiz correspondant
Distribution des résultats
% des personnes avec chaque résultat
Percentile par nombre de réponses
Votre historique - résultats
Vous n’avez pas pris ce quiz